banner-ar

الموساد واغتيال علماء العرب / (Record no. 61671)

MARC details
000 -الفاتح
حقل البيانات ثابتة الطول 01509nam a22004217a 4500
005 - وقت وتاريخ اخر تعامل مع التسجيلة
رقم الضبط 20240530110511.0
008 - عناصر البيانات ثابتة الطول - معلومات عامة
حقل البيانات ثابتة الطول 151101s2010 ua a g 000 0 ara d
017 ## - رقم الايداع القانونى
رقم الايداع القانونى 2010/24922
المصدر ( الهيئة المختصة) مصر . دار الكتب المصرية
040 ## - مصدر الفهرسة
وكالة الفهرسة الأصلية EG-CaGPL
082 04 - رقم تصنيف ديوى العشرى
رقم الطبعة 21
رقم التصنيف 364.1524\
رقم المادة ى م
100 0# - المدخل الرئيسى - إسم شخصى
الإسم الشخصى يوسف حسن المصرى
245 12 - بيان العنوان
العنوان الموساد واغتيال علماء العرب /
بيان المسئوليه,etc اعداد وتاليف يوسف حسن المصرى
250 ## - بيان الطبعة
بيان الطبعة ط1.
260 ## - PUBLICATION, DISTRIBUTION, ETC. (IMPRINT)
تاريخ النشر أو التوزيع 2010 .
300 ## - الوصف المادى
التعداد 160 ص ؛
أبعاد الوعاء 24 سم .
600 0# - المدخل الاضافى بالموضوع-اسم شخصى
الإسم الشخصى مصطفى مشرفة .
600 0# - المدخل الاضافى بالموضوع-اسم شخصى
الإسم الشخصى مصطفى حافظ .
600 0# - المدخل الاضافى بالموضوع-اسم شخصى
الإسم الشخصى سعيد السيد بدير .
600 0# - المدخل الاضافى بالموضوع-اسم شخصى
الإسم الشخصى نبيل احمد فليفل .
600 0# - المدخل الاضافى بالموضوع-اسم شخصى
الإسم الشخصى نبيل القلينى .
600 0# - المدخل الاضافى بالموضوع-اسم شخصى
الإسم الشخصى عبده شكر .
600 0# - المدخل الاضافى بالموضوع-اسم شخصى
الإسم الشخصى سمير نجيب .
600 0# - المدخل الاضافى بالموضوع-اسم شخصى
الإسم الشخصى عبير عياش .
600 0# - المدخل الاضافى بالموضوع-اسم شخصى
الإسم الشخصى رمال حسن رمال .
600 0# - المدخل الاضافى بالموضوع-اسم شخصى
الإسم الشخصى ناجى العلى .
600 0# - المدخل الاضافى بالموضوع-اسم شخصى
الإسم الشخصى سلوى حبيب .
600 0# - المدخل الاضافى بالموضوع-اسم شخصى
الإسم الشخصى جمال حمدان .
600 0# - المدخل الاضافى بالموضوع-اسم شخصى
الإسم الشخصى سامية عبدالرحيم ميمنى .
600 0# - المدخل الاضافى بالموضوع-اسم شخصى
الإسم الشخصى حسن كامل الصباح .
600 0# - المدخل الاضافى بالموضوع-اسم شخصى
الإسم الشخصى يحيى المشد .
600 0# - المدخل الاضافى بالموضوع-اسم شخصى
الإسم الشخصى سميرة موسى .
650 04 - المدخل الاضافى بالموضوع-مصطلح موضوعى
مصطلح موضوعي الجرائم السياسية .
650 04 - المدخل الاضافى بالموضوع-مصطلح موضوعى
مصطلح موضوعي العلماء العرب
التقسيم الفرعي العام اغتيال .
650 04 - المدخل الاضافى بالموضوع-مصطلح موضوعى
مصطلح موضوعي جرائم ضد الانسانية .
650 04 - المدخل الاضافى بالموضوع-مصطلح موضوعى
مصطلح موضوعي الاغتيال .
942 ## - عناصر المدخل الإضافي( كوها)
مصدر التصنيف او مخطط الترفيف Dewey Decimal Classification
Koha [default] item type كتاب
260 ## - PUBLICATION, DISTRIBUTION, ETC. (IMPRINT)
-- القاهرة :
-- مكتبة جزيرة الورد ،
Holdings
حالة التراجع حالة الفقد حالة تلف ليس للاعارة المكان المؤقت الموقع الحالى تاريخ الاكتساب اجمالي اﻻعارات رقم الطلب الباركود تاريخ اخر مشاهدة تاريخ تفعيل السعر نوع وعاء كوها
        مكتبة القاهرة الكبرى مكتبة القاهرة الكبرى 11/01/2015   364.1524\ ى م 161018 11/01/2015 11/01/2015 كتاب

Powered By

EGPV